|
|
|
|
| LEADER |
01452ppm a22003738a 4500 |
| 001 |
00032542 |
| 005 |
20171026081023.0 |
| 008 |
141001s2014 ||||||viesd |
| 041 |
0 |
# |
|a vie
|
| 082 |
1 |
4 |
|a 915.975 904
|b X126D
|
| 100 |
0 |
# |
|a Nguyễn, Thị Hồng Thắm
|
| 245 |
1 |
0 |
|a Xây dựng một số tuyến điểm du lịch tỉnh Bình Thuận
|b Khóa luận tốt nghiệp : Ngành Sư phạm địa lí:Trình độ : Đại học
|c Nguyễn Thị Hồng Thắm, Phạm Thị Kim Thanh; Nguyễn Thị Thanh Vân (hướng dẫn)
|
| 260 |
# |
# |
|a Đồng Tháp
|b Trường Đại học Đồng Tháp
|c 2014
|
| 300 |
# |
# |
|e 1 bản tóm tắt
|a 68 tr.
|c 30 cm.
|b ảnh màu
|
| 500 |
# |
# |
|a ĐTTTS ghi: Bộ Giáo dục và Đào tạo. Trường Đại học Đồng Tháp. Khoa Sư phạm Ngữ văn - Sử - Địa
|
| 653 |
# |
# |
|a Bình Thuận
|
| 653 |
# |
# |
|a Du lịch
|
| 653 |
# |
# |
|a Xây dựng
|
| 653 |
# |
# |
|a Việt Nam
|
| 653 |
# |
# |
|a Tuyến điểm
|
| 653 |
# |
# |
|a Khóa luận
|
| 700 |
1 |
# |
|a Nguyễn, Thị Thanh Vân
|e hướng dẫn
|
| 700 |
1 |
# |
|a Phạm, Thi Kim Thanh
|
| 852 |
# |
# |
|j KD.0016101
|
| 852 |
# |
# |
|b Kho đọc
|j KD.0016101
|
| 910 |
0 |
# |
|d 1/10/2014
|
| 980 |
# |
# |
|a Trung tâm Học liệu Lê Vũ Hùng, Trường Đại học Đồng Tháp
|